[Event "Rustavi 10"]
[Site "Rustavi"]
[Date "2014.10.27"]
[Round "8"]
[White "Yagubi, Asif"]
[Black "Bolkvadze, Giya"]
[Result "0-1"]
[WhiteElo "2434"]
[BlackElo "2411"]
[PlyCount "152"]
[EventDate "2014.10.20"]
[EventType "tourn"]
[EventRounds "9"]
[EventCountry "GEO"]
[EventCategory "8"]
[SourceTitle "EXT 2016"]
[Source "ChessBase"]
[SourceDate "2015.10.08"]
[SourceVersion "1"]
[SourceVersionDate "2015.10.08"]
[SourceQuality "1"]

1. e4 c5 2. Nf3 d6 3. c3 Nf6 4. Be2 Nc6 5. d3 g6 6. 0-0 Bg7 7. Nbd2 0-0 8. h3 Rb8 9. a4 a6 10. Re1 b5 11. axb5 axb5 12. Nf1 b4 13. Ne3 bxc3 14. bxc3 Bd7 15. Bd2 Qb6 16. Qc2 Qb3 17. Qxb3 Rxb3 18. Reb1 Rxb1+ 19. Rxb1 Ra8 20. Rb2 Ra1+ 21. Kh2 Be6 22. Ng5 Ra2 23. Rxa2 Bxa2 24. Kg1 Na5 25. Kf1 Nb3 26. Ke1 Nxd2 27. Kxd2 Bh6 28. Nf3 Kf8 29. g4 Nd7 30. g5 Bg7 31. h4 Ne5 32. Nxe5 Bxe5 33. Ng2 d5 34. f4 Bc7 35. e5 d4 36. c4 Bb3 37. Bd1 Ba5+ 38. Ke2 Bxd1+ 39. Kxd1 Ke8 40. Ke2 Kd7 41. Kf3 Ke6 42. Ke4 Bd2 43. Kf3 Kf5 44. Kg3 Ba5 45. Kf3 Bc7 46. Ne1 f6 47. gxf6 exf6 48. exf6 Bxf4 49. f7 Bd6 50. Nc2 Ke6 51. Ke4 Kxf7 52. Kd5 Be7 53. Na1 h5 54. Nb3 g5 55. hxg5 h4 56. Ke4 Kg6 57. Kf4 Kh5 58. Kf3 Kxg5 59. Nd2 Kf5 60. Ne4 Bf8 61. Nf2 Bd6 62. Ne4 Be7 63. Nf2 Ke5 64. Kg4 Kd6 65. Nh3 Kc6 66. Nf4 Bd8 67. Nd5 Kb7 68. Kh3 Ka6 69. Nf4 Ka5 70. Ne6 Be7 71. Nf4 Ka4 72. Kg4 Kb3 73. Nh3 Kc2 74. Nf2 Kd2 75. Kf3 h3 76. Nxh3 Kxd3 0-1

[Event "Rustavi 10"]
[Site "Rustavi"]
[Date "2014.10.22"]
[Round "3"]
[White "Manashvili, Aleko"]
[Black "Bolkvadze, Giya"]
[Result "1/2-1/2"]
[WhiteElo "2211"]
[BlackElo "2411"]
[PlyCount "33"]
[EventDate "2014.10.20"]
[EventType "tourn"]
[EventRounds "9"]
[EventCountry "GEO"]
[EventCategory "8"]
[SourceTitle "EXT 2016"]
[Source "ChessBase"]
[SourceDate "2015.10.08"]
[SourceVersion "1"]
[SourceVersionDate "2015.10.08"]
[SourceQuality "1"]

1. e4 e5 2. Nf3 Nc6 3. Bb5 Nf6 4. 0-0 Nxe4 5. d4 Nd6 6. Bxc6 dxc6 7. dxe5 Nf5 8. Qxd8+ Kxd8 9. Nc3 h5 10. Bg5+ Ke8 11. Rad1 Be6 12. Ne2 Be7 13. Nf4 Rd8 14. Rxd8+ Kxd8 15. Rd1+ Ke8 16. h3 Bc8 17. c3 1/2-1/2

[Event "Rustavi 10"]
[Site "Rustavi"]
[Date "2014.10.21"]
[Round "2"]
[White "Bolkvadze, Giya"]
[Black "Ibrahimov, Rasul"]
[Result "1-0"]
[WhiteElo "2411"]
[BlackElo "2527"]
[PlyCount "79"]
[EventDate "2014.10.20"]
[EventType "tourn"]
[EventRounds "9"]
[EventCountry "GEO"]
[EventCategory "8"]
[SourceTitle "EXT 2016"]
[Source "ChessBase"]
[SourceDate "2015.10.08"]
[SourceVersion "1"]
[SourceVersionDate "2015.10.08"]
[SourceQuality "1"]

1. d4 Nf6 2. c4 e5 3. dxe5 Ng4 4. Nf3 Nc6 5. Bf4 f6 6. exf6 Qxf6 7. Qc1 Bc5 8. Bg3 d6 9. e3 0-0 10. Nc3 Nge5 11. Nxe5 Nxe5 12. Be2 a5 13. 0-0 Qg6 14. Na4 Ba7 15. Qd2 Be6 16. c5 Nc4 17. Qc1 b5 18. cxb6 Nxb6 19. Nxb6 Bxb6 20. Qd2 Bf5 21. Bf3 Be4 22. Bxe4 Qxe4 23. Rac1 a4 24. Qc2 Qe7 25. Kh1 Kh8 26. e4 h5 27. h3 h4 28. Bh2 Ra5 29. f4 Re8 30. e5 dxe5 31. fxe5 a3 32. Rf5 Be3 33. Rh5+ Bh6 34. Bf4 axb2 35. Bxh6 bxc1Q+ 36. Bxc1+ Kg8 37. Qh7+ Kf7 38. Rf5+ Ke6 39. Qg6+ Kd5 40. e6+ 1-0